Commonwealth Essays and Studies

Detalles Bibliográficos
Formato: Seriadas
Lenguaje:francés
Publicado: Paris : Sociť ̌d'Étude des Pays du Commonwealth, 1979-
Materias:
Acceso en línea:http://www.vlex.com/source/7173

MARC

LEADER 00000nas a22000007a 4500
005 20130503120208.0
007 cr|||| ||||
008 130503c1979 fr |||| s|||| 0|||b1fre d
022 |a 3956989  
035 |a 7173 
040 |a vLex 
090 |c 4268  |d 4268 
245 0 0 |a Commonwealth  |b Essays and Studies  |h [Recurso electrn̤ico] 
256 |a Servicio en ln̕ea 
260 |a Paris :  |b Sociť ̌d'Étude des Pays du Commonwealth,   |c 1979- 
300 |a 1 Recurso electrn̤ico 
506 |d vLex Global  |d vLex Global (Academic Edition, excluding Law Schools)  |d vLex Global (U.S. Academic Edition, Law Schools)  |d vLex Global (U.S. Academic Edition, excluding Law Schools)  |d vLex Global (Academic Edition, Law Schools) 
650 0 4 |a Ciencia polt̕ica  |v Revistas 
740 |a vLex Revistas (Servicio en ln̕ea) 
856 |a Acceso restringido  |u http://www.vlex.com/source/7173 
942 |c REV 
999 0 |a Political science